000 00996nam a2200277 a 4500
001 000005234
003 OSt
005 20200929151621.0
008 090818s2005 sp 001 0 spa d
020 _a8400083857
040 _aDO-SdBNP
_bspa
_cBNPHU
082 _axxxx
_bL126n
100 1 _aLabrador Ben, Julia María
_914932
245 1 3 _aLa novela de hoy, la novela de noche y el folletín divertido. /
_cJulia María Labrador Ben...[et.al.]. ; editor Artemio Precioso.
260 _aMadrid, España :
_b[s.n.],
_c2005.
300 _a370 p. ;
_c22 cm.
490 1 _aLiteratura breve
_v15
500 _aIncluye referencias bibliográficas y notas al pie de las páginas
504 _aBibliografía : p.310-314
700 1 _aCastillo, Marie Christine del
_914933
700 1 _aGarcía Torño, Covadonga
_914934
700 1 _aPrecioso, Artemio,
_eed.
_914935
710 1 _aConsejo Superior de Investigaciones Científicas
_94786
830 0 _aLiteratura breve
_n15
_914936
942 _2ddc
_cLF1
999 _c5035
_d5035